00544nam a2200181Ia 4500008004100000020001500041041000800056082002100064100002100085245003900106260003900145300000800184365001100192650002700203942001200230999001900242952010100261140306s9999 xx 000 0 und d a0761993312 aeng a303.4833bSHI/MA aShivraj, Kanungo aMaking information technology work aNew DelhibSage Publicationsc1999 a430 bRs.525 aInformation technology 2ddccBK c178532d178532 00102ddc4070aKAUCBVbKAUCBVg525.00l0o303.4833 SHI/MAr2014-03-22 00:00:00w2014-03-22yBK